Candidats aux Municipales 2026 en Auvergne Rhône Alpes par images - Statistiques

Statistiques générales
  • Ce quiz a été pris 18 fois
  • Le résultat moyen est 5 sur 12
Statistiques - réponses
Par images Hint Réponse % Correct
Lyon Jean-Michel Aulas
100%
Lyon Grégory Doucet
82%
Grenoble Laurence Ruffin
65%
Annecy Antoine Armand
53%
Chamalières Louis Giscard d'Estaing
53%
Aix les Bains Marina Ferrari
41%
Clermont-Ferrand Olivier Bianchi
24%
Lyon Anaïs Belouassa-Cherifi
18%
Lyon - Lyon 8ème Alexandre Dupalais
12%
Riom Christine Pirès-Beaune
12%
Saint Étienne Dino Cinieri
12%
Clermont-Ferrand Marianne Maximi
6%
Aucun quiz correspondant
Distribution des résultats
% des personnes avec chaque résultat
Percentile par nombre de réponses
Votre historique - résultats
Vous n’avez pas pris ce quiz